000 00633 a2200229 4500
005 20260209161412.0
008 260209b |||||||| |||| 00| 0 eng d
020 _a9788126938636
_cRs. 1195.00
040 _aMAIN
082 _a792.0954
_bG346H
100 _aGhosh, Arjun
245 _aHistory of the jana natya manch: Plays for the people
250 _a
260 _bAtlantic Publishers and Distributors
_c2025
_aDelhi
300 _axxi, 293
650 _aTheatre
650 _aStage Presentations
650 _aHistorical Treatment
650 _aIndia - Political Theatre
700 _aDeshpande G.P
942 _cBK
999 _c394606
_d394606